"Το Παραλίμνι ιστορία-πολιτισμός" : πρακτικά 1ου συνεδρίου, Ιανουάριος2008

Αποθηκεύτηκε σε:
Λεπτομέρειες βιβλιογραφικής εγγραφής
Άλλοι συγγραφείς: Παπαφιλίππου, Ανδρέας (Επιμελητής έκδοσης)
Μορφή: Βιβλίο
Γλώσσα:Greek
Δημοσίευση: Λευκωσία : Κ. Επιφάνιος ; Δήμος Παραλιμνίου, 2010.
Θέματα:
Ετικέτες: Προσθήκη ετικέτας
Δεν υπάρχουν, Καταχωρήστε ετικέτα πρώτοι!

MARC

LEADER 00000nam a2200000 a 4500
001 1/119290
008 190621s2010####cy | ||| |||| ||gre||
020 |a 9789963685837  |q (σκληρό εξώφυλλο) 
040 |a GR-MyUa  |b gre  |c GR-MyUa  |e AACR2 
041 0 |a gre 
082 7 |2 (23) 
245 1 3 |a "Το Παραλίμνι ιστορία-πολιτισμός" :   |b πρακτικά 1ου συνεδρίου, Ιανουάριος2008 /   |c [γενική επιμέλεια Ανδρέας Παπαφιλίππου] 
260 |a Λευκωσία :   |b Κ. Επιφάνιος ;   |b Δήμος Παραλιμνίου,   |c 2010. 
300 |a 351 σ. :   |b εικ. ;   |c 25 εκ. 
505 8 |a Περιεχόμενα: Το Παραλίμνι σε βάθος χρόνου -- Κοινωνικά, πολιτιστικά θέματα -- Οικονομία, αρχιτεκτονική, κοινωνία -- Η συμβολή των Παραλιμνιτών στους απελευθερωτικούς αγώνες -- Περιβάλλον. 
651 0 |a Cyprus  |x History. 
651 0 |a Cyprus  |x Civilization. 
651 0 |a Cyprus  |x Social conditions. 
700 1 |a Παπαφιλίππου, Ανδρέας,  |e edt 
920 |a Παπάζογλου  |b Ευάγγελος  |y Λήμνος-ΤΕΤΔ  |z 2018-04 
970 |a Ξενιτοπούλου   |b Κωνσταντία  |z 21/06/2019